| 000 | 00751nam a2200229 i 4500 | ||
|---|---|---|---|
| 001 | 70494 | ||
| 003 | ES-MaACL | ||
| 005 | 20230906170832.0 | ||
| 007 | t| | ||
| 008 | 040727s1968 sp ||||1| spa d | ||
| 100 | 1 |
_aGarcía del Valle, Carmelo. _954524 |
|
| 245 | 1 | 0 |
_aJerusalen, un siglo de oro de vida litúrgica / _cCarmelo García del Valle ; presentación de A. Bugnini. |
| 260 |
_aMadrid : _bStudium, _c[1968] |
||
| 300 |
_a296 p., 1 lám. ; _c21 cm. |
||
| 490 | 1 | _aColección "Liturgia" | |
| 650 | 4 |
_aLiturgia- _vHistoria. _9164767 |
|
| 651 | 4 |
_aJerusalén- _xHistoria eclesiástica. _9164768 |
|
| 700 | 1 |
_aBugnini, A. _932448 |
|
| 830 | 0 |
_aColección "Liturgia" _9193350 |
|
| 852 |
_aES-MaACL _jC-54255 _bR.57660 |
||
| 999 |
_c70494 _d70494 |
||